Tu puedes vencer la depresión / (Registro nro. 10362)

Detalles MARC
000 -LIDER
fixed length control field 00823nam a22002777a 4500
001 - NÚMERO DE CONTROL
Identificador de número de control 000157
003 - IDENTIFICACDOR DE NÚMERO DE CONTROL
control field DO-SdBNP
005 - DATE AND TIME OF LATEST TRANSACTION
control field 20180202151633.0
007 - CAMPOS FIJOS DE DESCRIPCIÓN FÍSICA
fixed length control field 000157
008 - ELEMENTOS DE LONGITUD FIJA
fixed length control field 160610b 1982 nyu xxu||||| |||| 00| 0 spa d
020 ## - ISBN
International Standard Book Number 1558830766
040 ## - FUENTE DE CATALOGACIÓN
Agencia que crea de manera original el registro BPMSU
Idioma de catalogación spa
Agencia que realiza la transcripción BPMSU
041 17 - CÓDIGOS DE OBRAS TRADUCIDAS O EN VARIOS IDIOMAS
Código del idioma del texto/archivo de sonido o separata spa
Cód. del idioma original y/o traducciones intermedias del texto eng
092 ## - LOCALLY ASSIGNED DEWEY DECIMAL CALL NUMBER
Número de clasificación xxxxx
Número de ítem (Cutter) xxxxx
100 1# - ASIENTO PRINCIPAL -- NOMBRE PERSONAL
Nombre personal Adams, Jay Edward
240 10 - TITULO UNIFORME
Título uniforme You can conquer depression.
Enlace Español
245 10 - MENCIÓN DE TITULO
Título Tu puedes vencer la depresión /
Mención de responsabilidad Jay Edward Adams ; traducido al castellano por, Pedro Vega
260 ## - PUBLICACIÓN, DISTRIBUCIÓN, ETC. (PIE DE IMPRENTA)
Nombre del editor, distribuidor, etc. Unilit,
Campo enlazado y núm. de secuencia
Lugar de publicación, distribución, etc Grand Rapids, Michigan,
Fecha de publicación, distribución, etc 1982.
300 ## - DESCRIPCIÓN FÍSICA
Extensión 19 p. ;
Dimensiones 18 cm.
490 1# - MENCIÓN DE SERIES
Mención de serie Tú puedes
700 12 - ASIENTO SECUNDARIO -- NOMBRE PERSONAL
Nombre personal Vega, Pedro,
Mención de responsabilidad tr.
830 #0 - ASIENTO SECUNDARIO DE SERIE--TÍTULO UNIFORME
Nombre de la parte o sección de una obra Tú puedes
942 ## - ADDED ENTRY ELEMENTS (KOHA)
Source of classification or shelving scheme Dewey Decimal Classification
Koha item type Libros
945 ## - INFORMACIÓN DE PROCESAMIENTO LOCAL
Información de procesamiento local Inventariado, 2018 / BT
956 ## - LOCAL ELECTRONIC LOCATION AND ACCESS (OCLC)
Método de acceso LOPEREZ
Materiales especificados 10
Enlace 20160610
Campo enlazado y núm. de secuencia BPMSU
Nombre de host 00041
Existencias
Withdrawn status Lost status Source of classification or shelving scheme Damaged status Not for loan Collection code Home library Current library Date acquired Source of acquisition Total Checkouts Barcode Date last seen Price effective from Koha item type
    Dewey Decimal Classification     Colección Juvenil General Biblioteca Pública Metropolitana Salomé Ureña Biblioteca Pública Metropolitana Salomé Ureña 06/10/2016 Josefina Castillo   BPMESU16060164 06/10/2016 06/10/2016 Libros